000
00251nam a2200097Ia 4500
082
_a
EF HUME
245
0
_a
King Arthur : dragon's child
100
_a
HUME, M K. London, 2009
_9
75796
942
_c
BK
008
210817s9999 xx 000 0 und d
999
_c
251010
_d
251009